Státní rozpočet 1993: kladné, nebo záporné saldo?
Faktory ovplyvňujúce rozsah a vývoj rozpočtových príjmov v ČR. Schodok štátneho rozpočtu v r. 1992. Charakteristika tohto rozpočtu na rok 1993 a štruktúra vecných výdavkov. Sezónnosť príjmov a výdavkov štátneho rozpočtu na základe číselných údajov z minulého vývoja. Vývoj štátneho rozpočtu ČR v r. 1...
Gespeichert in:
| 1. Verfasser: | |
|---|---|
| Format: | Buchkapitel |
| Sprache: | Tschechisch |
| Schlagworte: | |
| Tags: |
Keine Tags, Fügen Sie das erste Tag hinzu!
|
MARC
| LEADER | 00000naa a2200000 4500 | ||
|---|---|---|---|
| 001 | r013299 | ||
| 005 | 20221205075709.4 | ||
| 041 | 0 | |a cze | |
| 044 | |a CZ | ||
| 245 | 1 | 0 | |a Státní rozpočet 1993: kladné, nebo záporné saldo? |c Miroslav Kalous |
| 520 | |a Faktory ovplyvňujúce rozsah a vývoj rozpočtových príjmov v ČR. Schodok štátneho rozpočtu v r. 1992. Charakteristika tohto rozpočtu na rok 1993 a štruktúra vecných výdavkov. Sezónnosť príjmov a výdavkov štátneho rozpočtu na základe číselných údajov z minulého vývoja. Vývoj štátneho rozpočtu ČR v r. 1991-1993. Predpokladaný budúci vývoj štátneho rozpočtu. | ||
| 610 | 2 | 0 | |a rozpočet štátny |
| 610 | 2 | 0 | |a Čechy |
| 610 | 2 | 0 | |a 1993 |
| 610 | 2 | 0 | |a 1992 |
| 610 | 2 | 0 | |a príjmy rozpočtu štátneho |
| 610 | 2 | 0 | |a výdavky rozpočtu štátneho |
| 610 | 2 | 0 | |a 1991-1993 |
| 100 | 1 | |a Kalous, Miroslav | |